[Event "2013 U.S. Junior Closed"]
[Site "St. Louis"]
[Date "2013.06.14"]
[Round "1"]
[White "Harmon-Vellotti, Luke"]
[Black "Troff, Kayden"]
[Result "1-0"]
[WhiteElo "2441"]
[BlackElo "2528"]
[PlyCount "101"]
[EventDate "2013.06.14"]
[EventType "tourn"]
[EventRounds "9"]
[EventCountry "USA"]
[SourceDate "2009.09.08"]

1. e4 c5 2. Nf3 d6 3. d4 cxd4 4. Nxd4 Nf6 5. Nc3 a6 6. Be3 e5 7. Nb3 Be6 8. f4
exf4 9. Bxf4 Nc6 10. Qe2 Rc8 11. h3 Nb4 12. a3 Nh5 13. axb4 Nxf4 14. Qf2 Qf6
15. Nd4 d5 16. g3 Nh5 17. exd5 Bxb4 18. Qxf6 Nxf6 19. dxe6 Rxc3 20. O-O-O Rc7
21. Bg2 O-O 22. Rhf1 Re8 23. exf7+ Kxf7 24. g4 Kg6 25. c3 Bc5 26. Nf5 h5 27.
gxh5+ Nxh5 28. Nd6 Bxd6 29. Rxd6+ Nf6 30. Rb6 Ree7 31. Rf4 Kh7 32. Kb1 Rcd7 33.
Rh4+ Kg8 34. Rhb4 Re1+ 35. Ka2 Nd5 36. Bxd5+ Rxd5 37. Rxb7 Rh5 38. Rg4 Rh7 39.
Rg6 a5 40. Rg5 Re2 41. h4 Rh2 42. h5 R2xh5 43. Rbxg7+ Kf8 44. Ka3 Ke8 45. Rxh7
Rxg5 46. Ka4 Kd8 47. Rb7 Kc8 48. Rb5 Rg1 49. Kxa5 Kc7 50. Rc5+ Kb7 51. b4 1-0

[Event "Roland vs Niro Match"]
[Site "Boise"]
[Date "2013.06.13"]
[Round "9"]
[White "Roland, Jeffrey T"]
[Black "Niro III, Frank A"]
[Result "1/2-1/2"]
[WhiteElo "1730"]
[BlackElo "1700"]
[PlyCount "114"]
[EventDate "2013.04.04"]
[EventType "match"]
[EventRounds "12"]
[EventCountry "USA"]
[SourceDate "2009.09.08"]

1. e4 c5 2. Nf3 d6 3. d4 cxd4 4. Qxd4 Bd7 5. c4 Nc6 6. Qd2 Nf6 7. Nc3 e6 8. b3
Be7 9. Bb2 Qb6 10. h3 O-O 11. O-O-O Nb4 12. e5 Nxa2+ 13. Nxa2 Ne4 14. Qc2 d5
15. Kb1 Rfc8 16. Bd3 dxc4 17. Bxc4 Bc6 18. Nd4 Bd5 19. Nf5 Bc5 20. Bxd5 Nxf2
21. Rc1 Nxh1 22. Bd4 exd5 23. Bxc5 Rxc5 24. Qxc5 Qxc5 25. Rxc5 Nf2 26. Rxd5 g6
27. Nd6 Rd8 28. Rd2 Nh1 29. Nc3 Ng3 30. Kb2 Kf8 31. Nde4 Rxd2+ 32. Nxd2 Ke7 33.
Kc2 Nf5 34. Kd3 Ke6 35. Nf3 h6 36. Ke4 Ng3+ 37. Kf4 Nh5+ 38. Ke3 f5 39. exf6
Nxf6 40. Nd4+ Ke5 41. Nf3+ Ke6 42. g4 g5 43. Nb5 a6 44. Nbd4+ Kd5 45. Nf5 h5
46. gxh5 Nxh5 47. Nxg5 Kc5 48. Kd2 Kb4 49. Kc2 a5 50. Ne4 a4 51. bxa4 Kxa4 52.
Nc5+ Kb5 53. Nxb7 Kc6 54. Nd8+ Kd7 55. Nb7 Ke6 56. Ne3 Ke5 57. Ng2 Ke4 1/2-1/2

[Event "Roland vs Niro Match"]
[Site "Boise"]
[Date "2013.06.20"]
[Round "10"]
[White "Niro III, Frank A"]
[Black "Roland, Jeffrey T"]
[Result "0-1"]
[WhiteElo "1700"]
[BlackElo "1731"]
[PlyCount "114"]
[EventDate "2013.04.04"]
[EventType "match"]
[EventRounds "12"]
[EventCountry "USA"]
[SourceDate "2009.09.08"]

1. e4 e6 2. d4 d5 3. Nc3 dxe4 4. Nxe4 Nd7 5. Nf3 Ngf6 6. Bd3 Nxe4 7. Bxe4 Nf6
8. Bg5 Be7 9. Qd3 Nxe4 10. Bxe7 Qxe7 11. Qxe4 Qb4+ 12. c3 Qxb2 13. O-O O-O 14.
Ng5 g6 15. Qh4 h5 16. g4 Qe2 17. f3 Qe3+ 18. Kh1 f6 19. Ne4 Qf4 20. Rae1 Kg7
21. Nc5 g5 22. Qh3 e5 23. Qg2 exd4 24. Re4 Qd6 25. cxd4 hxg4 26. Rfe1 Kg6 27.
fxg4 b6 28. Qh3 Bxg4 29. Qxg4 bxc5 30. Re7 Qxd4 31. Qh3 Rh8 32. Qb3 c4 33. Qc2+
Qd3 34. Qg2 Rab8 35. Rxc7 Rb1 36. Rxb1 Qxb1+ 37. Qg1 Qxa2 38. Rxa7 Rxh2+ 39.
Qxh2 Qxa7 40. Qc2+ f5 41. Qxc4 Qb7+ 42. Kg1 Qe4 43. Qg8+ Kh5 44. Qh8+ Kg4 45.
Qc3 Qf3 46. Qd4+ Kg3 47. Qd2 Kh4 48. Qh2+ Qh3 49. Qd2 Qg3+ 50. Kf1 Qf4+ 51.
Qxf4+ gxf4 52. Kg2 Kg4 53. Kf2 f3 54. Kf1 Kg3 55. Kg1 f2+ 56. Kf1 f4 57. Ke2
Kg2 0-1

[Event "Newport June Open"]
[Site "Newport, OR"]
[Date "2013.06.15"]
[Round "1"]
[White "Lampman, Becca"]
[Black "Raptis, Nick"]
[Result "1-0"]
[WhiteElo "1998"]
[BlackElo "2388"]
[PlyCount "124"]
[EventDate "2013.06.15"]
[EventRounds "5"]
[EventCountry "USA"]
[SourceDate "2009.09.08"]

1. d4 Nf6 2. c4 d6 3. Nc3 g6 4. e4 Bg7 5. Nf3 O-O 6. Be2 e5 7. O-O Nc6 8. d5
Ne7 9. b4 c6 10. a4 a5 11. Ba3 axb4 12. Bxb4 c5 13. Ba3 Nh5 14. g3 f5 15. Ng5
Nf6 16. f3 h6 17. Ne6 Bxe6 18. dxe6 Nc6 19. Rb1 Rb8 20. exf5 gxf5 21. Bd3 Nd4
22. Nd5 Qe8 23. Rb6 Qxe6 24. Nxf6+ Bxf6 25. Bxc5 Nc6 26. Be3 Bg5 27. Bxg5 hxg5
28. Qb1 Ra8 29. Rxb7 Rxa4 30. Qb5 Nd8 31. Rb6 Ra7 32. c5 Kg7 33. Rxd6 Qf7 34.
Bc4 Qb7 35. Qxb7+ Rxb7 36. Rfd1 Rb4 37. Rd7+ Nf7 38. Bd5 Kf6 39. c6 Rb2 40. Rc1
Rbb8 41. c7 Rbc8 42. Bb7 Ke6 43. Bxc8 Rxc8 44. Rd3 e4 45. fxe4 fxe4 46. Rb3 Kd7
47. Rb8 Rxc7 48. Rxc7+ Kxc7 49. Re8 Kd6 50. Rxe4 Kd5 51. Re7 Ne5 52. Kg2 g4 53.
h4 gxh3+ 54. Kxh3 Kd6 55. Re8 Nd7 56. g4 Nf6 57. Re1 Nd5 58. g5 Nf4+ 59. Kg4
Ne6 60. Kf5 Ng7+ 61. Kf6 Nh5+ 62. Kf7 Nf4 1-0

[Event "Newport June Open"]
[Site "Newport, OR"]
[Date "2013.06.15"]
[Round "2"]
[White "Bannon, David"]
[Black "Roland, Jeffrey T"]
[Result "1-0"]
[WhiteElo "1844"]
[BlackElo "1730"]
[PlyCount "85"]
[EventDate "2013.06.15"]
[EventRounds "5"]
[EventCountry "USA"]
[SourceDate "2009.09.08"]

1. f4 Nf6 2. Nf3 g6 3. e3 Bg7 4. Be2 O-O 5. O-O d5 6. d3 c5 7. Qe1 Nc6 8. c3 b6
9. a4 Bb7 10. Bd1 Qc7 11. e4 dxe4 12. dxe4 e6 13. Na3 a6 14. Bc2 Rfd8 15. Qh4
Nb4 16. Bb3 Nd3 17. e5 Nxc1 18. Raxc1 Ne4 19. Rcd1 h6 20. Nc4 Bd5 21. Ncd2 g5
22. fxg5 hxg5 23. Nxg5 Nxg5 24. Qxg5 Qxe5 25. Qxe5 Bxe5 26. Bxd5 Rxd5 27. Nf3
Bf6 28. Rxd5 exd5 29. Rd1 Rd8 30. g4 d4 31. cxd4 Bxd4+ 32. Nxd4 cxd4 33. Kf2
Rd5 34. Rd3 f5 35. h3 fxg4 36. hxg4 Rc5 37. Kf3 Rc2 38. b3 Kg7 39. Kf4 Rc3 40.
Rxc3 dxc3 41. Ke3 b5 42. axb5 axb5 43. b4 1-0

[Event "Newport June Open"]
[Site "Newport, OR"]
[Date "2013.06.15"]
[Round "2"]
[White "Freeze, Gregory"]
[Black "Russell, Corey"]
[Result "0-1"]
[WhiteElo "1932"]
[BlackElo "2200"]
[PlyCount "48"]
[EventDate "2013.06.15"]
[EventRounds "5"]
[EventCountry "USA"]
[SourceDate "2009.09.08"]

1. d4 Nf6 2. c4 c5 3. d5 b5 4. cxb5 a6 5. f3 g6 6. e4 d6 7. Ne2 Bg7 8. Na3 axb5
9. Nxb5 O-O 10. Nec3 Na6 11. Be2 Nc7 12. O-O Nxb5 13. Nxb5 Ne8 14. Na3 Rxa3 15.
bxa3 Bxa1 16. f4 Bd4+ 17. Kh1 f5 18. e5 dxe5 19. fxe5 Qxd5 20. Qc2 Be6 21. Bh6
Ng7 22. Rb1 Qe4 23. Bd3 Qh4 24. Bd2 Bxe5 0-1

[Event "Newport June Open"]
[Site "Newport, OR"]
[Date "2013.06.16"]
[Round "3"]
[White "Pruce-Zimmerman, Tai"]
[Black "Slavik, Jacob"]
[Result "0-1"]
[WhiteElo "1246"]
[BlackElo "1301"]
[PlyCount "88"]
[EventDate "2013.06.15"]
[EventRounds "5"]
[EventCountry "USA"]
[SourceDate "2009.09.08"]

1. e4 c6 2. d4 d5 3. exd5 cxd5 4. Nf3 Bg4 5. Be2 Nf6 6. O-O e6 7. Bf4 Bd6 8.
Bxd6 Qxd6 9. h3 Bxf3 10. Bxf3 O-O 11. c4 Nc6 12. cxd5 Nxd5 13. Nc3 Nc7 14. d5
exd5 15. Nxd5 Rad8 16. Nxc7 Qxc7 17. Qb3 Rd7 18. Rac1 Rfd8 19. Qa4 Qb6 20. Bxc6
bxc6 21. Qxc6 Qb8 22. Rfe1 h6 23. Rc2 Rd1 24. Qc3 Qf4 25. g3 Qf5 26. Rxd1 Rxd1+
27. Kg2 Qd5+ 28. Qf3 Rg1+ 29. Kxg1 Qxf3 30. Rc3 Qb7 31. b3 Kf8 32. Re3 f5 33.
h4 g5 34. hxg5 hxg5 35. Re5 Qd7 36. Kg2 Qc6+ 37. Kh2 Qf3 38. Kg1 Kf7 39. Ra5
Qd1+ 40. Kg2 Qd7 41. b4 Kf6 42. a3 f4 43. Ra6+ Kf7 44. gxf4 Qb7+ 0-1

[Event "Newport June Open"]
[Site "Newport, OR"]
[Date "2013.06.16"]
[Round "3"]
[White "Russell, Corey"]
[Black "Lampman, Becca"]
[Result "1-0"]
[WhiteElo "2200"]
[BlackElo "1998"]
[PlyCount "65"]
[EventDate "2013.06.15"]
[EventRounds "5"]
[EventCountry "USA"]
[SourceDate "2009.09.08"]

1. e4 c5 2. Nf3 e6 3. d4 cxd4 4. Nxd4 Nc6 5. a3 Qc7 6. Nc3 a6 7. g3 Nf6 8. Bg2
Be7 9. O-O d6 10. h3 Bd7 11. Nde2 O-O 12. Be3 Na5 13. b3 Rac8 14. Qd4 b5 15.
Qb6 Qxb6 16. Bxb6 Bd8 17. Bxa5 Bxa5 18. b4 Bc7 19. Rfd1 Rfd8 20. a4 Bb8 21. e5
Nd5 22. Bxd5 exd5 23. Nxd5 Rxc2 24. Nd4 Rc4 25. Nb6 Rc3 26. Nxd7 Rxd7 27. axb5
axb5 28. Ra8 Rd8 29. exd6 Rc4 30. d7 Bc7 31. Rxd8+ Bxd8 32. Nxb5 Rxb4 33. Re1
1-0

[Event "Newport June Open"]
[Site "Newport, OR"]
[Date "2013.06.16"]
[Round "4"]
[White "Lampman, Becca"]
[Black "Grabinsky, Aaron"]
[Result "1-0"]
[WhiteElo "1998"]
[BlackElo "2053"]
[PlyCount "65"]
[EventDate "2013.06.15"]
[EventRounds "5"]
[EventCountry "USA"]
[SourceDate "2009.09.08"]

1. d4 Nf6 2. c4 e6 3. Nc3 Bb4 4. f3 d5 5. a3 Bxc3+ 6. bxc3 O-O 7. e3 Re8 8.
cxd5 exd5 9. Bd3 b6 10. Ne2 Ba6 11. O-O c5 12. Ng3 Bxd3 13. Qxd3 cxd4 14. cxd4
Nc6 15. Bb2 Na5 16. e4 dxe4 17. fxe4 Rc8 18. Qf3 Nc4 19. Bc3 Qd7 20. Rae1 Qg4
21. Qd3 Qd7 22. Nf5 Ne5 23. Qh3 Ng6 24. e5 Rxc3 25. Qxc3 Nd5 26. Qf3 Ndf4 27.
Qg4 Ne6 28. Nd6 Re7 29. Rc1 h6 30. Rc8+ Kh7 31. h4 Nh8 32. Qe4+ g6 33. Qa8 1-0

[Event "Newport June Open"]
[Site "Newport, OR"]
[Date "2013.06.16"]
[Round "4"]
[White "Roland, Jeffrey T"]
[Black "Vaughn, Michael E"]
[Result "1-0"]
[WhiteElo "1703"]
[BlackElo "1792"]
[PlyCount "79"]
[EventDate "2013.06.15"]
[EventRounds "5"]
[EventCountry "USA"]
[SourceDate "2009.09.08"]

1. d4 d6 2. e4 Nf6 3. Nc3 Nbd7 4. Nf3 e5 5. Be2 Be7 6. O-O O-O 7. dxe5 dxe5 8.
Be3 c6 9. h3 Qc7 10. Ne1 Rd8 11. Bd3 b5 12. Ne2 Nxe4 13. Bxe4 Nf6 14. Bxh7+
Kxh7 15. Qc1 Be6 16. Nf3 Bc4 17. Re1 b4 18. Ng3 Bd5 19. Nxe5 Bd6 20. f4 g6 21.
c4 bxc3 22. bxc3 Rab8 23. c4 Be6 24. c5 Bxe5 25. fxe5 Qxe5 26. Bf4 Qd4+ 27. Kh1
Rb4 28. Be5 Qh4 29. Qc3 Bd5 30. Nf5 Qf2 31. Ne3 Rc4 32. Nxd5 Rxc3 33. Nxf6+ Kg7
34. Ng4+ f6 35. Nxf2 fxe5 36. Rxe5 Rc2 37. Ne4 Re2 38. Re6 Rd5 39. Rf1 Rxa2 40.
Nc3 1-0

[Event "Newport June Open"]
[Site "Newport, OR"]
[Date "2013.06.16"]
[Round "4"]
[White "Russell, Corey"]
[Black "Reid, Jacob"]
[Result "1-0"]
[WhiteElo "2200"]
[BlackElo "1922"]
[PlyCount "65"]
[EventDate "2013.06.15"]
[EventRounds "5"]
[EventCountry "USA"]
[SourceDate "2009.09.08"]

1. e4 c5 2. Nf3 d6 3. Bb5+ Nc6 4. O-O Bd7 5. c3 e5 6. d4 Qc7 7. h3 Nge7 8. Be3
b6 9. Na3 Ng6 10. dxc5 dxc5 11. Bc4 Na5 12. Bxf7+ Kd8 13. Bxg6 hxg6 14. Qd5 Nc6
15. Nb5 Qb7 16. Nxe5 Rh5 17. Bg5+ Rxg5 18. Nf7+ Kc8 19. Qxg5 Qb8 20. Rfd1 Be7
21. Qd5 Be8 22. Nfd6+ Bxd6 23. Nxd6+ Kc7 24. Qg8 b5 25. Qxg7+ Kb6 26. b4 a6 27.
bxc5+ Kxc5 28. Rd5+ Kb6 29. a4 Ra7 30. a5+ Nxa5 31. Qd4+ Kc6 32. Rc5+ Kd7 33.
Nxe8+ 1-0

[Event "Newport June Open"]
[Site "Newport, OR"]
[Date "2013.06.16"]
[Round "4"]
[White "Sun, Maxwell S"]
[Black "Bannon, David"]
[Result "1-0"]
[WhiteElo "1803"]
[BlackElo "1844"]
[PlyCount "43"]
[EventDate "2013.06.15"]
[EventRounds "5"]
[EventCountry "USA"]
[SourceDate "2009.09.08"]

1. e4 e6 2. d3 d5 3. Nd2 c5 4. Ngf3 Nc6 5. g3 g6 6. Bg2 Bg7 7. O-O Nge7 8. Re1
Qc7 9. Qe2 O-O 10. e5 Nf5 11. c3 h5 12. h4 b5 13. Nf1 Bd7 14. Bg5 Rab8 15. Ne3
Rfe8 16. Nxf5 exf5 17. Bf4 Be6 18. Qd2 Qd7 19. d4 c4 20. Bg5 Ne7 21. Bf6 Kh8
22. Qh6+ 1-0

[Event "Oregon Senior Championship"]
[Site "Oregon City, OR"]
[Date "2013.07.06"]
[Round "3"]
[White "Falbo, Clement Earl"]
[Black "Prideaux, Dave"]
[Result "1/2-1/2"]
[WhiteElo "1500"]
[BlackElo "1147"]
[PlyCount "70"]
[EventDate "2013.07.06"]
[SourceDate "2009.09.08"]

1. c4 Nf6 2. Nc3 d5 3. cxd5 Nxd5 4. g3 e6 5. Bg2 Qd6 6. Nxd5 exd5 7. a3 Nc6 8.
d4 Bf5 9. Bf4 Qd7 10. Nf3 O-O-O 11. O-O Bh3 12. Rc1 f6 13. b4 g5 14. Bxc7 Bxg2
15. Kxg2 Qxc7 16. Qa4 a6 17. b5 axb5 18. Qxb5 Bxa3 19. Rc2 g4 20. Ra1 gxf3+ 21.
exf3 Bd6 22. Qxd5 Kb8 23. Qb5 Nxd4 24. Qa4 Kc8 25. Rxc7+ Bxc7 26. Qc4 Kb8 27.
Rd1 Bb6 28. Rb1 Rc8 29. Qf7 Rc6 30. Qd7 Rc7 31. Qd6 Bc5 32. Qxf6 Rf8 33. Qe5
Rxf3 34. Qe8+ Rc8 35. Qe5+ Rc7 1/2-1/2

[Event "Syttende Mai Invitational"]
[Site "Corvallis, OR"]
[Date "2013.05.18"]
[Round "1"]
[White "Dalthorp, Matt"]
[Black "Grabinsky, Aaron"]
[Result "1-0"]
[WhiteElo "1794"]
[BlackElo "1980"]
[PlyCount "67"]
[EventDate "2013.05.18"]
[EventType "swiss"]
[EventRounds "3"]
[EventCountry "USA"]
[SourceDate "2009.09.08"]

1. e4 e6 2. d4 d5 3. e5 c5 4. c3 Nc6 5. Nf3 Qb6 6. a3 c4 7. Nbd2 Na5 8. Be2 Bd7
9. O-O Ne7 10. Re1 Nb3 11. Nxb3 Ba4 12. Nfd2 Ng6 13. g3 O-O-O 14. Bg4 Rd7 15.
Kg2 Ne7 16. Qf3 Bxb3 17. Nxb3 cxb3 18. Qxf7 Nf5 19. Qe8+ Rd8 20. Qa4 g6 21. Bg5
Rd7 22. Bd1 Be7 23. Bxe7 Rxe7 24. Qxb3 Qc6 25. Qa4 b5 26. Qb4 h5 27. a4 Rb7 28.
axb5 Qe8 29. Be2 h4 30. g4 h3+ 31. Kg1 Nh4 32. b6 Rxb6 33. Qc5+ Kb7 34. Rxa7+
1-0

[Event "Syttende Mai Invitational"]
[Site "Corvallis, OR"]
[Date "2013.05.18"]
[Round "1"]
[White "Deng, Clemen"]
[Black "Dalthorp, Dan"]
[Result "1-0"]
[WhiteElo "1794"]
[BlackElo "1665"]
[PlyCount "57"]
[EventDate "2013.05.18"]
[EventType "swiss"]
[EventRounds "3"]
[EventCountry "USA"]
[SourceDate "2009.09.08"]

1. e4 c5 2. Nf3 Nc6 3. d4 cxd4 4. Nxd4 e5 5. Nf3 Nf6 6. Nc3 Bb4 7. Bg5 Bxc3+ 8.
bxc3 h6 9. Bxf6 Qxf6 10. Bc4 Na5 11. Bd5 O-O 12. O-O d6 13. Qd3 Bd7 14. Nd2 Bc6
15. Bxc6 bxc6 16. Qa6 Qd8 17. Rab1 Qc7 18. Rb2 d5 19. Rfb1 dxe4 20. Nxe4 Rfb8
21. g3 Rxb2 22. Rxb2 Rd8 23. Rb4 c5 24. Rb5 Qc6 25. Qxc6 Nxc6 26. Rxc5 Rc8 27.
Nd6 Rc7 28. Nc4 f6 29. Na5 1-0

[Event "Syttende Mai Invitational"]
[Site "Corvallis, OR"]
[Date "2013.05.18"]
[Round "1"]
[White "Saputra, Yogi"]
[Black "Trattner, Andy"]
[Result "1-0"]
[WhiteElo "2017"]
[BlackElo "1745"]
[PlyCount "86"]
[EventDate "2013.05.18"]
[EventType "swiss"]
[EventRounds "3"]
[EventCountry "USA"]
[SourceDate "2009.09.08"]

1. d4 f5 2. Nf3 Nf6 3. g3 g6 4. Bg2 Bg7 5. O-O O-O 6. c4 d6 7. Nc3 c6 8. d5 e5
9. dxe6 Bxe6 10. Nd4 Bxc4 11. b3 Bf7 12. Ba3 Re8 13. Rc1 d5 14. Na4 Qa5 15. b4
Qa6 16. Bb2 Nbd7 17. Qb3 Ne4 18. Rfd1 Nb6 19. Nc3 Nxc3 20. Bxc3 Bxd4 21. Bxd4
Rxe2 22. Bf1 Qxa2 23. Qc3 Na4 24. Qa1 Rd2 25. Rxd2 Qxd2 26. Be3 Qxb4 27. Rb1
Qe4 28. Bg2 Qc2 29. Rc1 Qb2 30. Qxa4 a5 31. Qf4 Qf6 32. Qc7 d4 33. Qxb7 Re8 34.
Bd2 Re7 35. Qa8+ Kg7 36. Qxa5 Re5 37. Qb6 Re2 38. Ba5 f4 39. Qxc6 Qg5 40. Bc7
fxg3 41. hxg3 d3 42. Bf4 Qa5 43. Bf1 Rxf2 1-0

[Event "Syttende Mai Invitational"]
[Site "Corvallis, OR"]
[Date "2013.05.18"]
[Round "1"]
[White "Skalnes, Erik"]
[Black "Wen, David"]
[Result "1-0"]
[WhiteElo "1904"]
[BlackElo "1904"]
[PlyCount "59"]
[EventDate "2013.05.18"]
[EventType "swiss"]
[EventRounds "3"]
[EventCountry "USA"]
[SourceDate "2009.09.08"]

1. d4 Nf6 2. c4 e6 3. Nc3 Bb4 4. e3 O-O 5. Bd3 d5 6. a3 dxc4 7. Bxh7+ Nxh7 8.
axb4 Nc6 9. b5 Nb4 10. Nf3 Nd3+ 11. Kf1 Nf6 12. Qa4 Ng4 13. Nd1 e5 14. h3 e4
15. hxg4 exf3 16. gxf3 Qd5 17. e4 Qxd4 18. Be3 Qf6 19. Kg2 Ne5 20. Rh3 Ng6 21.
Qxc4 Nh4+ 22. Rxh4 Qxh4 23. Nc3 Be6 24. Qxc7 Rac8 25. Qe5 Qe7 26. Nd5 Qd7 27.
Nf6+ gxf6 28. Qxf6 Qd8 29. Qh6 f6 30. Qg6+ 1-0

[Event "Syttende Mai Invitational"]
[Site "Corvallis, OR"]
[Date "2013.05.18"]
[Round "2"]
[White "Dalthorp, Matt"]
[Black "Skalnes, Erik"]
[Result "1/2-1/2"]
[WhiteElo "1794"]
[BlackElo "1904"]
[PlyCount "54"]
[EventDate "2013.05.18"]
[EventType "swiss"]
[EventRounds "3"]
[EventCountry "USA"]
[SourceDate "2009.09.08"]

1. e4 c5 2. Nf3 d6 3. d4 cxd4 4. Nxd4 Nf6 5. Nc3 a6 6. Be3 e6 7. g4 d5 8. e5
Nfd7 9. f4 Nc6 10. Bg2 Bc5 11. h4 Nxd4 12. Bxd4 Bxd4 13. Qxd4 Qb6 14. O-O-O
Qxd4 15. Rxd4 b5 16. Rhd1 Bb7 17. Ne4 Ke7 18. Ng3 Rac8 19. Kb1 Rc7 20. Re1 Rhc8
21. c3 Nb6 22. Bf1 Nc4 23. Bxc4 Rxc4 24. Red1 a5 25. Nf1 Ba6 26. Ne3 R4c5 27.
a3 R5c6 1/2-1/2

[Event "Syttende Mai Invitational"]
[Site "Corvallis, OR"]
[Date "2013.05.18"]
[Round "2"]
[White "Deng, Clemen"]
[Black "Saputra, Yogi"]
[Result "0-1"]
[WhiteElo "1733"]
[BlackElo "2017"]
[PlyCount "74"]
[EventDate "2013.05.18"]
[EventType "swiss"]
[EventRounds "3"]
[EventCountry "USA"]
[SourceDate "2009.09.08"]

1. e4 e5 2. Nf3 Nc6 3. Bc4 Bc5 4. d3 Nf6 5. c3 d6 6. Bb3 h6 7. Bc2 Bb6 8. Nbd2
a6 9. Qe2 O-O 10. Nf1 Nh5 11. Nxe5 Nxe5 12. d4 Ng4 13. h3 Ngf6 14. g4 Nxe4 15.
gxh5 Nf6 16. Be3 Re8 17. O-O-O Bd7 18. Rg1 Qe7 19. Qd3 Kh8 20. Nd2 c6 21. Rxg7
Kxg7 22. Rg1+ Kh8 23. Bxh6 Rg8 24. Bg5 Rxg5 25. Rxg5 Qe1+ 26. Bd1 Qxf2 27. b4
Re8 28. Rg3 Bf5 29. Qf3 Qe1 30. Rg5 Re3 31. Qxf5 Rxc3+ 32. Kb2 Qxd2+ 33. Bc2
Rxc2+ 34. Qxc2 Qxg5 35. Qf2 Kg7 36. h6+ Qxh6 37. Qg3+ Qg6 0-1

[Event "Syttende Mai Invitational"]
[Site "Corvallis, OR"]
[Date "2013.05.18"]
[Round "2"]
[White "Grabinsky, Aaron"]
[Black "Wen, David"]
[Result "1-0"]
[WhiteElo "1980"]
[BlackElo "1904"]
[PlyCount "103"]
[EventDate "2013.05.18"]
[EventType "swiss"]
[EventRounds "3"]
[EventCountry "USA"]
[SourceDate "2009.09.08"]

1. e4 c6 2. d4 d5 3. exd5 cxd5 4. Bd3 Nc6 5. c3 Nf6 6. Bf4 Bg4 7. Qb3 Qd7 8.
Nd2 e6 9. Ngf3 Be7 10. O-O O-O 11. Rfe1 Nh5 12. Ne5 Nxe5 13. Bxe5 f6 14. Bg3
Nxg3 15. hxg3 Qd6 16. Qc2 h6 17. f4 h5 18. Nf1 f5 19. Ne3 g5 20. Nxg4 hxg4 21.
Qd2 gxf4 22. gxf4 Bh4 23. Re2 Bg3 24. Qe3 Bxf4 25. Qxe6+ Qxe6 26. Rxe6 Rae8 27.
Bxf5 Be3+ 28. Kh2 Rxe6 29. Bxe6+ Kg7 30. Kg3 Kg6 31. Kxg4 Rf4+ 32. Kh3 Bf2 33.
g4 Be3 34. Kg3 Kg5 35. Bxd5 Bf2+ 36. Kg2 Bxd4 37. cxd4 Rxg4+ 38. Kf3 Rxd4 39.
Bxb7 Rb4 40. Bd5 Rxb2 41. Re1 Rb5 42. Bb3 Rf5+ 43. Ke4 Kf6 44. Kd4 a5 45. Re6+
Kg7 46. Ra6 Kf8 47. Re6 Rf2 48. Bd5 Rd2+ 49. Kc5 Rb2 50. Bc4 Rb4 51. Ra6 Ra4
52. Bb3 1-0

[Event "Western States Open"]
[Site "Reno"]
[Date "2012.10.19"]
[Round "2"]
[White "Sen, Samir"]
[Black "Daniel Bryant, John"]
[Result "0-1"]
[WhiteElo "2211"]
[BlackElo "2516"]
[PlyCount "140"]
[EventDate "2012.10.19"]
[EventType "swiss"]
[EventRounds "6"]
[EventCountry "USA"]
[SourceDate "2009.09.08"]

1. d4 c5 2. c3 Qc7 3. Nf3 Nf6 4. Bg5 Ne4 5. Bh4 d6 6. Nbd2 Bf5 7. Qb3 Nd7 8. e3
h6 9. Bc4 e6 10. Nxe4 Bxe4 11. Bxe6 Nb6 12. dxc5 dxc5 13. Bc4 Bd6 14. O-O-O O-O
15. Bg3 Bxg3 16. hxg3 a5 17. a3 a4 18. Qa2 Nxc4 19. Qxc4 Bg6 20. Rd5 Rfc8 21.
Rhd1 b5 22. Qxb5 Rab8 23. Qe2 Qb7 24. Ne5 Be4 25. R5d2 Bh7 26. Qc4 Bf5 27. Qa2
Be6 28. Qb1 Bb3 29. Rg1 Rd8 30. Nf3 Rd7 31. Qf5 Bd5 32. Rgd1 Be4 33. Qxd7 Qb3
34. Qd8+ Rxd8 35. Rxd8+ Kh7 36. R1d2 Qa2 37. Kd1 Bc6 38. Ne1 Bb5 39. Nd3 Qb1+
40. Nc1 Bc4 41. Rb8 Ba2 42. f3 c4 43. g4 Bb3+ 44. Rxb3 axb3 45. e4 Kg6 46. Re2
Kg5 47. Rd2 Kh4 48. Re2 Kg3 49. Rd2 g6 50. Re2 h5 51. gxh5 gxh5 52. Rd2 h4 53.
Re2 Qa1 54. Rd2 h3 55. gxh3 Kxh3 56. f4 Kg3 57. f5 Kf4 58. Re2 Ke5 59. Rd2 Kxe4
60. f6 Kf5 61. Rf2+ Ke5 62. Re2+ Kxf6 63. Rf2+ Ke5 64. a4 f5 65. a5 Kd6 66. a6
Kc7 67. a7 Kb7 68. a8=Q+ Kxa8 69. Rd2 Qb1 70. Rf2 f4 0-1